000 00945aam a2200337 4500
005 20260309165000.0
008 150408b2008 xxu||||| |||| 00| 0 spa d
020 _a9788498760439
041 _aESP
082 _a364.15 C264a
100 _aCarbonell Vaya, Enrique José
_932178
100 _aMejías García, Ana
_932179
100 _aGimeno Navarro, Miguel Ángel
_932180
245 _aEl acoso laboral antes llamado mobbing: un enfoque integrador
260 _aEspaña
260 _bTirant Lo Blanch
260 _c2008
300 _a252 páginas
490 _aInvestigación Criminal
650 _aDELITOS CONTRA LAS PERSONAS
650 _aACOSO LABORAL
650 _aMOBBING
650 _aACOSO MORAL
650 _aPRESIÓN LABORAL
650 _aPSICOLOGÍA LABORAL
650 _aPREVENCIÓN
650 _aMEDIOS DE PROTECCIÓN
650 _aCONCIENCIA SOCIAL
650 _aACCIONES JURÍDICAS
942 _cBK
_2ddc
999 _c4326
_d4326